Statistics for Best Selling Music Artists Of All Time

Click here to take the quiz!

General Stats

  • This quiz has been taken 89 times
  • The average score is 10 of 18

Answer Stats

RankReputed SalesPeriod ActiveAnswer% Correct
1600 Million1960 - 1970The Beatles
96%
3400 Million1964 - 2009Michael Jackson
89%
2500 Million1953 - 1977Elvis Presley
80%
15200 Million1962 - PresentThe Rolling Stones
79%
6300 Million1979 - PresentMadonna
68%
17200 Million2006 - PresentTaylor Swift
64%
18200 Million1997 - PresentBeyonce
62%
7300 Million1968 - 1980Led Zeppelin
54%
4300 Million1962 - PresentElton John
50%
5300 Million1971 - PresentQueen
50%
12200 Million1977 - 2012Whitney Houston
45%
14200 Million1973 - PresentAC/DC
43%
10220 Million1996 - PresentEminem
43%
9250 Million1965 - 2014Pink Floyd
43%
13200 Million1971 - PresentThe Eagles
42%
8250 Million2003 - PresentRihanna
39%
11220 Million1988 - PresentMariah Carey
38%
16200 Million1981 - PresentCeline Dion
33%

Score Distribution

Percentile by Number Answered

Percent of People with Each Score

Your Score History

You have not taken this quiz